LOSC Lille | Effectif - 2024/2025 - Statistiques

Statistiques générales
  • Ce quiz a été pris 184 fois
    55 depuis la dernière actualisation
  • Le résultat moyen est 19 sur 32
Statistiques - réponses
Poste Joueur Pays Numéro % Correct
Gardien Lucas Chevalier France 30
91%
Attaquant Jonathan David Canada 9
88%
Défenseur Aïssa Mandi Algérie 2
85%
Milieu de Terrain Benjamin André France 21
82%
Coach Bruno Génesio France /
82%
Milieu de Terrain Nabil Bentaleb Algérie 6
79%
Milieu de Terrain Angel Gomes Angleterre 8
76%
Milieu de Terrain Edon Zhegrova Kosovo 23
74%
Milieu de Terrain Ayyoub Bouaddi France 32
71%
Défenseur Thomas Meunier Belgique 12
71%
Défenseur Alexsandro Ribeiro Brésil 4
68%
Défenseur Bafodé Diakité France 18
68%
Milieu de Terrain Hakon Haraldsson Islande 7
68%
Défenseur Tiago Santos Portugal 22
68%
Milieu de Terrain Rémy Cabella France 10
65%
Gardien Vito Mannone Italie 1
65%
Milieu de Terrain André Gomes Portugal 26
62%
Milieu de Terrain Ngal'ayel Mukau RD du Congo 17
62%
Milieu de Terrain Osame Sahraoui Maroc 11
62%
Attaquant Mohamed Bayo Guinée 27
59%
Attaquant Chuba Akpom Angleterre 24
50%
Défenseur Gabriel Gudmundsson Suède 5
44%
Défenseur Ismaily Brésil 31
44%
Attaquant Matias Fernandez Pardo Belgique 19
44%
Milieu de Terrain Mitchell Bakker Pays Bas 20
44%
Milieu de Terrain Ethan Mbappé France 29
41%
Défenseur Samuel Umtiti France 14
38%
Défenseur Ousmane Touré France 36
35%
Gardien Marc-Aurele Caillard France 16
26%
Défenseur Rafael Fernandes Portugal 28
24%
Défenseur Akim Zedadka Algérie 13
21%
Attaquant Younes Lachaab France 47
12%
Aucun quiz correspondant
Distribution des résultats
% des personnes avec chaque résultat
Percentile par nombre de réponses
Votre historique - résultats
Vous n’avez pas pris ce quiz depuis la dernière actualisation